Về tính ổn định của phương trình hàm Cauchy
Trình bày tóm tắt vài nét về sự ra đời của phương trình hàm, cơ sở lý thuyết, các dạng bài toán phương trình hàm Cauchy và ứng dụng. Trình bày tính ổn định của phương trình hàm Cauchy cộng tính như: dãy Cauchy, định lý Hyers, tổng quát hóa của định lý Hyers. Trình bày tính ổn định của phương trình h...
Đã lưu trong:
| Príomhúdar: | |
|---|---|
| Údair Eile: | |
| Formáid: | Leabhar |
| Teanga: | Vietnamese |
| Foilsithe: |
Đà Nẵng
Đại học Đà Nẵng
2015
|
| Ábhair: | |
| Clibeanna: |
Cuir Clib Leis
Gan Chlibeanna, Bí ar an gcéad duine leis an taifead seo a chlibeáil!
|
| Thư viện lưu trữ: | Mạng thư viện Đại học Đà Nẵng |
|---|
| LEADER | 01967nam a2200349 4500 | ||
|---|---|---|---|
| 001 | 000023309 | ||
| 003 | 19759 | ||
| 005 | 20151201151249.0 | ||
| 008 | 150911s2015 viesd | ||
| 041 | |a vie | ||
| 082 | 1 | 4 | |a 515.25 |b NG-H |
| 100 | 1 | |a Nguyễn Thị Bích Huyền | |
| 245 | 1 | |a Về tính ổn định của phương trình hàm Cauchy |c Nguyễn Thị Bích Huyền ; Cao Văn Nuôi hướng dẫn. |k Luận văn Thạc sĩ | |
| 260 | |a Đà Nẵng |b Đại học Đà Nẵng |c 2015 | ||
| 300 | |a 64 tr., phụ lục 3 tr. |c 29 cm. |e Tóm tắt | ||
| 500 | |a Luận văn thạc sĩ Khoa học. Chuyên ngành: Phương pháp toán sơ cấp. Mã số: 60.46.01.13 | ||
| 520 | 3 | |a Trình bày tóm tắt vài nét về sự ra đời của phương trình hàm, cơ sở lý thuyết, các dạng bài toán phương trình hàm Cauchy và ứng dụng. Trình bày tính ổn định của phương trình hàm Cauchy cộng tính như: dãy Cauchy, định lý Hyers, tổng quát hóa của định lý Hyers. Trình bày tính ổn định của phương trình hàm mũ Cauchy như: phương trình hàm mũ, phương trình hàm Cauchy nhân tính, ổn định kiểu Ger của phương trình hàm mũ. | |
| 650 | 0 | 4 | |a Phương trình hàm (toán học) |v Luận văn tốt nghiệp |x Tính ổn định |
| 653 | |a Tính ổn định | ||
| 653 | |a Phương pháp toán sơ cấp | ||
| 653 | |a Phương trình hàm cauchy | ||
| 700 | 1 | |a Cao Văn Nuôi |c TS. |e Hướng dẫn | |
| OWN | |a LSP | ||
| AVA | |a UDN50 |b LSP |d 515.25 NG-H |e available |t Error 5001 Not defined in file expand_doc_bib_avail. |f 1 |g 0 |h N |i 0 |k 1 | ||
| 999 | |a From the UDN01 | ||
| AVA | |a UDN50 |b LSP |d 515.25 NG-H |e available |t Error 5001 Not defined in file expand_doc_bib_avail. |f 1 |g 0 |h N |i 0 |k 1 | ||
| TYP | |a Monograph | ||
| TYP | |a Printed language | ||
| 980 | |a Mạng thư viện Đại học Đà Nẵng | ||